UML distilled : (Record no. 129869)

MARC details
000 -LEADER
fixed length control field 01063cam a22002894a 4500
003 - CONTROL NUMBER IDENTIFIER
control field OSt
005 - DATE AND TIME OF LATEST TRANSACTION
control field 20251111132111.0
008 - FIXED-LENGTH DATA ELEMENTS--GENERAL INFORMATION
fixed length control field
020 ## - INTERNATIONAL STANDARD BOOK NUMBER
International Standard Book Number 9780201657838 (Paperback)
040 ## - CATALOGING SOURCE
Transcribing agency NUST
Original cataloging agency NUST
Language of cataloging eng
Modifying agency NUST
Description conventions rda
050 ## - LIBRARY OF CONGRESS CALL NUMBER
Classification number QA76.9.035 FOW
100 1# - MAIN ENTRY--PERSONAL NAME
Personal name Fowler, Martin
Relator term Author
245 10 - TITLE STATEMENT
Title UML distilled :
Remainder of title a brief guide to the standard object modeling language /
Statement of responsibility, etc. Martin Fowler and Kendall Scott.
250 ## - EDITION STATEMENT
Edition statement Second edition.
260 ## - PUBLICATION, DISTRIBUTION, ETC.
Place of publication, distribution, etc. Reading :
Name of publisher, distributor, etc. Addison-Wesley,
Date of publication, distribution, etc. ©2000.
300 ## - PHYSICAL DESCRIPTION
Extent xxi, 185 pages :
Other physical details Illustrations ;
Dimensions 24 cm.
336 ## - CONTENT TYPE
Source rdacontent
Content type term text
Content type code txt
337 ## - MEDIA TYPE
Source rdamedia
Media type term unmediated
Media type code n
338 ## - CARRIER TYPE
Source rdacarrier
Carrier type term volume
Carrier type code nc
440 1# - SERIES STATEMENT/ADDED ENTRY--TITLE
Title The Addison-Wesley object technology series.
504 ## - BIBLIOGRAPHY, ETC. NOTE
Bibliography, etc. note Includes bibliographical references.
650 #0 - SUBJECT ADDED ENTRY--TOPICAL TERM
Topical term or geographic name entry element Object-oriented methods (Computer science)
650 #0 - SUBJECT ADDED ENTRY--TOPICAL TERM
Topical term or geographic name entry element Computer software
General subdivision Development
650 #0 - SUBJECT ADDED ENTRY--TOPICAL TERM
Topical term or geographic name entry element UML (Computer science)
700 1# - ADDED ENTRY--PERSONAL NAME
Personal name Scott, Kendall
Relator term Author
942 ## - ADDED ENTRY ELEMENTS (KOHA)
Koha item type Ordinary Loan Books
Call number prefix QA
Call number suffix FOW
Source of classification or shelving scheme Library of Congress Classification
Edition Second edition.
Classification part QA76.9.035 FOW
Suppress in OPAC No
Holdings
Withdrawn status Lost status Source of classification or shelving scheme Damaged status Not for loan Collection Home library Current library Shelving location Date acquired Source of acquisition Cost, normal purchase price Total Checkouts Full call number Barcode Date last seen Accession number Cost, replacement price Price effective from Koha item type Public note
    LCC   1 NFIC MAIN MAIN GEN 11/11/2025 Book Aid International 80.00   QA76.9.035 FOW 92004038200 01/23/2023 52199 80.00 11/11/2025 BOOKS Donation
    LCC   1 NFIC MAIN MAIN GEN 11/11/2025 Book Aid International 80.00   QA76.9.035 FOW 92004038178 11/11/2025 52208 80.00 11/11/2025 BOOKS Donation
    LCC   1 NFIC MAIN MAIN GEN 11/11/2025 Book Aid International 80.00   QA76.9.035 FOW 92004038171 11/11/2025 52201 80.00 11/11/2025 BOOKS Donation
    LCC   1 NFIC MAIN MAIN GEN 11/11/2025 Book Aid International 80.00   QA76.9.035 FOW 92004038188 11/11/2025 52200 80.00 11/11/2025 BOOKS Donation